| 000 | 00726nac a22001691u 4500 | ||
|---|---|---|---|
| 020 | _a9948007522 | ||
| 082 | _a338.27282 | ||
| 090 |
_c4940 _d4940 |
||
| 100 | _a20080729 | ||
| 110 | _aThe Emirates Center for Strategic Studies and Research | ||
| 245 |
_aGulf oil in the aftermath of the Iraq War : _bstrategies and policies / _cThe Emirates Center for Strategic Studies and Research |
||
| 260 |
_aAbu Dhabi : _bthe Center , 2005 _c2005 |
||
| 300 |
_a303p.: _bill.; _c23 cm. |
||
| 650 |
_aPetroleum _xIndustry and trade |
||
| 942 |
_cNB _k338.27282 |
||
| 999 |
_c4940 _d4940 |
||